Antologia que la Generalitat dedica a les escoles de Catalunya / Goethe
Descripción Física:
131 p. : il. ; 23 cm
Materias:
Goethe, Johann Wolfgang von
MARC
| LEADER | 00000nam a2200000Ia 4500 | ||
|---|---|---|---|
| 001 | 1421 | ||
| 008 | 160829s1982 xx 000 0 cat d | ||
| 080 | |a L-1-318 | ||
| 100 | |a Goethe, Johann Wolfgang von |9 29032 | ||
| 245 | |a Antologia que la Generalitat dedica a les escoles de Catalunya / Goethe | ||
| 250 | |a 2a ed. | ||
| 260 | |a Barcelona : |b Departament de Cultura de la Generalitat de Catalunya : |b Aymà, |c 1982 | ||
| 300 | |a 131 p. : |b il. ; |c 23 cm | ||
| 590 | |a Edició facsímil de la 1ª edició, de 1932 | ||
| 650 | |a Goethe, Johann Wolfgang von |9 29032 | ||
| 710 | 2 | |a Catalunya. |b Departament de Cultura |9 52819 | |
| 901 | |a Arxiu | ||
| 942 | |n 1 | ||
| 952 | |0 0 |1 0 |4 0 |6 L1318 |7 1 |9 48064 |a Arxiu |b Arxiu |d 2016-12-01 |l 0 |o L-1-318 |p 1421 |r 2016-12-01 00:00:00 |w 2016-12-01 |y ARXIU | ||
| 999 | |c 51867 |d 51867 | ||